Nghệ thuật thơ ca : Văn tâm điêu long
Nội dung sách trình bày cuộc đời và sáng tác của Aristote. Aristote bàn luận về nghệ thuật thơ ca. Cuộc Lưu Hiệp và giá trị Văn tâm điêu long: đường lối chung về lí luận, phương pháp nhận xét, bình luận về nền học cũ...
Saved in:
| Main Author: | |
|---|---|
| Format: | Book |
| Language: | Undetermined |
| Published: |
Hà Nội
Văn Học
1999
|
| Subjects: | |
| Tags: |
Add Tag
No Tags, Be the first to tag this record!
|
| Institutions: | Trung tâm Học liệu Trường Đại học Cần Thơ |
|---|
| LEADER | 01095nam a2200253Ia 4500 | ||
|---|---|---|---|
| 001 | CTU_32838 | ||
| 008 | 210402s9999 xx 000 0 und d | ||
| 020 | |c 30000 | ||
| 082 | |a 801 | ||
| 082 | |b A717 | ||
| 100 | |a Aristote | ||
| 245 | 0 | |a Nghệ thuật thơ ca : | |
| 245 | 0 | |b Văn tâm điêu long | |
| 245 | 0 | |c Aristote, Lưu Hiệp ; Người dịch: Lê Đăng Bảng | |
| 260 | |a Hà Nội | ||
| 260 | |b Văn Học | ||
| 260 | |c 1999 | ||
| 520 | |a Nội dung sách trình bày cuộc đời và sáng tác của Aristote. Aristote bàn luận về nghệ thuật thơ ca. Cuộc Lưu Hiệp và giá trị Văn tâm điêu long: đường lối chung về lí luận, phương pháp nhận xét, bình luận về nền học cũ | ||
| 526 | |a Thơ tứ tuyệt trong văn học trung đại Việt Nam | ||
| 526 | |b XHV602 | ||
| 650 | |a Literature,Literature | ||
| 650 | |x History and criticism,Philosophy | ||
| 904 | |i Huỳnh Mai | ||
| 980 | |a Trung tâm Học liệu Trường Đại học Cần Thơ | ||